| 000 | 00371nam a22001457a 4500 | ||
|---|---|---|---|
| 020 | _a9780071125994 | ||
| 040 | _cNust | ||
| 082 |
_a629.2872 _bCRO'A |
||
| 100 |
_aCrouse Anglin _9126334 |
||
| 245 | _aAutomotive mechanics | ||
| 250 | _a3rd Edition | ||
| 260 |
_aNew York: _bMcMillan /McGraw Hill, _c1993. |
||
| 650 |
_aAutomotive mechanics _978291 |
||
| 942 |
_2ddc _cBK |
||
| 999 |
_c612032 _d612032 |
||